| 000 | 01429nam a22003857a 4500 | ||
|---|---|---|---|
| 003 | CHAP | ||
| 005 | 20220329143511.0 | ||
| 008 | 100224s2008 mx a r 00010 spa d | ||
| 010 | _a97605 | ||
| 011 | _a98577 | ||
| 020 | _a9786077652007x | ||
| 035 | _a109262 | ||
| 040 | _cCHAP | ||
| 082 | 1 | 4 |
_a371.3 _bEx54 |
| 245 | 0 | 0 |
_aÉxitos de la docencia : _bmejores prácticas docentes y experiencias de calidad en la universidad Anahuac _c/compilado por Inés Botero Cuervo y Diana Galindo Sontheimer |
| 260 |
_aHuixquilucan, Méx. _bCentro de Formación y Actualización Docente _c2008 |
||
| 300 |
_a167 p. : _bills. |
||
| 590 |
_aBATCH-UPD _b10 _c20130110 _lUCH01 _h1219 |
||
| 590 |
_aBATCH-UPD _b10 _c20130410 _lUCH01 _h0754 |
||
| 590 |
_aBATCH-UPD _b10 _c20130914 _lUCH01 _h0726 |
||
| 590 |
_aCONVERSION _b10 _c20130109 _lUCH01 _h1354 |
||
| 650 | 1 | 4 |
_aAprendizaje, Teoria del. _96373 |
| 650 | 1 | 4 |
_aEducación _xInnovaciones tecnológicas. _935456 |
| 650 | 1 | 4 |
_aEducación _xInvestigación. _935457 |
| 650 | 1 | 4 |
_aEducación _xMetodología. _935463 |
| 650 | 1 | 4 |
_aEnseñanza _xMetodología. _937086 |
| 650 | 1 | 4 |
_aFormación de profesores. _942392 |
| 650 | 1 | 4 |
_aPedagogos. _986511 |
| 650 | 1 | 4 |
_aRendimiento escolar. _995908 |
| 700 | 1 |
_aBotero Cuervo, Inés. _914468 |
|
| 700 | 1 | 0 |
_aGalindo Sontheimer, Diana. _944311 |
| 901 | _aBK | ||
| 942 | _cLIBRO | ||
| 949 |
_a371.3 Ex54 _bBC _cLIBRO _d33724002138149 _eLIBRO _gI.c/e _h111947 _i109262 _si |
||
| 999 |
_c97605 _d97605 |
||